Studies in the cognitive basis of language development
Gardado en:
| Autor Principal: | |
|---|---|
| Formato: | Libro |
| Idioma: | inglés |
| Publicado: |
Nueva York
Academy Press
1975
|
| Series: | The Child Psychology
|
| Subjects: | |
| Tags: |
Engadir etiqueta
Sen Etiquetas, Sexa o primeiro en etiquetar este rexistro!
|
MARC
| LEADER | 00000nam a2200000 a 4500 | ||
|---|---|---|---|
| 001 | UCJ8931 | ||
| 003 | CL-VaPUC | ||
| 008 | 070126e19750000US |||||||||||||||||eng|d | ||
| 020 | |a 19750000 | ||
| 082 | 0 | 4 | |a 401.93 |b BEI |2 21 |
| 100 | 0 | |a Beilin, Harry |e author |9 518741 | |
| 245 | 1 | 0 | |a Studies in the cognitive basis of language development |
| 300 | |a 420 p | ||
| 942 | |c BK | ||
| 945 | |d 20070126 00:00:00 |a jtorresc | ||
| 260 | |a Nueva York |b Academy Press |c 1975 | ||
| 500 | |a Donación de la Dra. Marianne Peronard Thierry | ||
| 650 | 0 | |a Adquisición del lenguaje |9 309032 | |
| 650 | 0 | |a Psicolingüística |9 283371 | |
| 650 | 0 | |a Psicología del niño |9 307305 | |
| 650 | 0 | |a Psicología cognitiva |9 306250 | |
| 583 | |a last modification |c 20130102 09:28:44 |k Rodrigo Vera | ||
| 490 | 0 | |a The Child Psychology | |
| 999 | |c 324575 |d 324573 | ||
| 952 | |0 0 |1 0 |4 0 |6 401_930000000000000_BEI_1975 |7 0 |8 A |9 404840 |a FDOPOS |b FDOPOS |d 2019-11-22 |i 4318226 |o 401.93 BEI 1975 |p 4318226 |r 2025-01-22 |w 2019-11-22 |y BK |k MLA | ||
| 952 | |0 0 |1 0 |4 0 |6 401_930000000000000_BEI_1975 |7 0 |8 A |9 404841 |a FDOPOS |b FDOPOS |d 2019-11-22 |i 4360583 |o 401.93 BEI 1975 |p 4360583 |r 2025-01-22 |w 2019-11-22 |y BK |k MLA | ||